Homogenization in time of singularly perturbed mechanical systems

Αποθηκεύτηκε σε:
Λεπτομέρειες βιβλιογραφικής εγγραφής
Κύριος συγγραφέας: Bornemann, Folkmar 1967-
Μορφή: Βιβλίο
Γλώσσα:English
Δημοσίευση: Berlin ; New York : Springer-Verlag, c1998
Σειρά:Lecture notes in mathematics (Springer-Verlag) ; 1687
Θέματα:
Ετικέτες: Προσθήκη ετικέτας
Δεν υπάρχουν, Καταχωρήστε ετικέτα πρώτοι!

MARC

LEADER 00000nam a2200000 i 4500
001 1/90914
008 991006s1998 eng d
020 |a 3-540-64447-4 
035 |l 10053330 
040 |a GR-MY-UA  |b gre  |e aacr 
041 0 |a eng 
082 0 |a 515.352 
100 1 |a Bornemann, Folkmar  |d 1967- 
245 1 0 |a Homogenization in time of singularly perturbed mechanical systems /  |c Folkmar Bornemann 
260 |a Berlin ; New York :   |b Springer-Verlag,   |c c1998 
300 |a xii, 156 p.;  |b ill.;  |c 24 cm. 
490 1 |a Lecture notes in mathematics (Springer-Verlag)  |v ; 1687 
504 |a Includes bibliographical references and index 
650 0 0 |a Differentiable dynamical systems. 
650 0 0 |a Homogenization (Differential equations) 
830 0 |a Lecture notes in mathematics (Springer-Verlag)  |v ; 1687 
852 |a INST  |b SAMOS  |e 19991006  |h 515.352 BOR  |p 005300016988  |q 005300016988  |t BK  |y 0 
901 |a BIBL3-1999-3 
909 |a Σ  |b 067348 
922 |a 3ΕΛΗ  |b 199909  |c ΕΠΕΑΕΚ/ΜΑΘ  |d ΠΑΠΑΣΩΤΗΡΙΟΥ 
970 |a ΚΟΣΙΕΡΗΣ  |b ΧΡΗΣΤΟΣ  |z 1999/1006